Financial Accounting: A Business Process Approach. (Record no. 2912)

MARC details
005 - DATE AND TIME OF LATEST TRANSACTION
control field 20250531120521.0
020 ## - INTERNATIONAL STANDARD BOOK NUMBER
International Standard Book Number 978-0-13-233504-1
082 ## - DEWEY DECIMAL CLASSIFICATION NUMBER
Classification number 657.48 REI
100 ## - MAIN ENTRY--PERSONAL NAME
Author name REIMERS, J. L.
245 ## - TITLE STATEMENT
Title Financial Accounting: A Business Process Approach.
250 ## - EDITION STATEMENT
Edition statement 2nd Ed.
260 ## - PUBLICATION, DISTRIBUTION, ETC.
Place of publication, distribution, etc. Canada,
Name of publisher, distributor, etc. Prentice Hall,
Date of publication, distribution, etc. 2008.
300 ## - PHYSICAL DESCRIPTION
Extent xxi, 632p.: ill.; Picture
Other physical details Glossary & Index
Dimensions 28cm
942 ## - ADDED ENTRY ELEMENTS (KOHA)
Source of classification or shelving scheme Dewey Decimal Classification
Koha item type Books
Holdings
Date last seen Total checkouts Full call number Barcode Cost, replacement price Price effective from Koha item type Lost status Source of classification or shelving scheme Damaged status Not for loan Withdrawn status Home library Current library Shelving location Date acquired Cost, normal purchase price
05/31/2025   657.48 REI 00000010526 84000.00 05/31/2025 Books   Dewey Decimal Classification       College of Business Education Main Library College of Business Education Main Library Special Reserve Collection 10/02/2015 28000.00